[Event "Millenium"]
[Site "Charlesbourg CAN"]
[Date "2010.12.06"]
[Round "3"]
[White "Fecteau, Martin"]
[Black "Lapierre, Gaetan"]
[Result "1-0"]
[WhiteElo "1998"]
[BlackElo "1906"]
[PlyCount "109"]
[EventDate "2010.11.22"]
[EventType "swiss"]
[EventRounds "5"]
[EventCountry "CAN"]

1. d4 Nf6 2. c4 g6 3. g3 Bg7 4. Bg2 O-O 5. Nf3 d6 6. O-O Nbd7 7. Nc3 e5 8. e3
c6 9. b4 e4 10. Nd2 d5 11. Qb3 Nb6 12. a4 Be6 13. Qc2 g5 14. a5 Nc8 15. Ba3 a6
16. Na4 g4 17. Rac1 Re8 18. cxd5 Bxd5 19. Nc3 Nd6 20. Na4 Nb5 21. Bb2 Bf8 22.
Nc5 Nd6 23. Rfe1 Bg7 24. h3 h5 25. Nf1 Qc8 26. hxg4 hxg4 27. Nh2 Nh7 28. Bf1 f5
29. Be2 Ng5 30. Kg2 Bf6 31. Rh1 Kg7 32. Nf1 Rh8 33. Nd2 Qg8 34. Rxh8 Qxh8 35.
Rh1 Qg8 36. Nd7 Nf3 37. Nb6 Rd8 38. Nxd5 cxd5 39. Qc7+ Nf7 40. Qxb7 Nxd2 41.
Bxa6 Rb8 42. Qxd5 Kg6 43. Bc3 Rd8 44. Qc6 Rd6 45. Qb7 Nd8 46. Qa7 Nc6 47. Qc5
Rd7 48. Qxc6 Qd8 49. Bxd2 Rd6 50. Qb7 Rd7 51. Qc8 Qe7 52. Qg8+ Bg7 53. Qh7+ Kf6
54. Qh4+ Kf7 55. Qxe7+ 1-0

[Event "Millenium"]
[Site "Charlesbourg CAN"]
[Date "2010.12.06"]
[Round "3"]
[White "Lessard, Claude"]
[Black "Perron, Jonathan"]
[Result "0-1"]
[WhiteElo "2083"]
[BlackElo "2169"]
[PlyCount "104"]
[EventDate "2010.11.22"]
[EventType "swiss"]
[EventRounds "5"]
[EventCountry "CAN"]

1. d4 Nf6 2. Nf3 e6 3. g3 b5 4. Bg2 Bb7 5. O-O Be7 6. Nbd2 Na6 7. a4 b4 8. c4
c5 9. e3 O-O 10. b3 Ne4 11. Bb2 Nxd2 12. Qxd2 Be4 13. Qe2 Bf6 14. Rfd1 Qc7 15.
Rd2 Qb7 16. Ne1 Bxg2 17. Nxg2 cxd4 18. exd4 d5 19. c5 Nc7 20. f4 g6 21. Ne3 a6
22. Qf3 Bg7 23. Rc1 Ne8 24. Nc4 Qc7 25. Nb6 Ra7 26. a5 Nf6 27. Qf1 Ne4 28. Re2
Qc6 29. Rec2 h5 30. Ra1 Bf6 31. Ra4 h4 32. Rxb4 hxg3 33. Qh3 gxh2+ 34. Rxh2 Re8
35. Na4 Qc7 36. Qe3 Kf8 37. Rb6 Ke7 38. c6 g5 39. Ba3+ Kd8 40. Nc5 gxf4 41. Qd3
f3 42. Nxe4 dxe4 43. Qxe4 Qg3+ 44. Kh1 Rg8 45. c7+ Rxc7 46. Rd6+ Qxd6 47. Qa8+
Rc8 48. Qxc8+ Kxc8 49. Bxd6 Bxd4 50. Rc2+ Kd7 51. Bf4 f2 52. Rc1 Rg1+ 0-1

[Event "Millenium"]
[Site "Charlesbourg CAN"]
[Date "2010.12.13"]
[Round "4"]
[White "Arteau, Benoit"]
[Black "Zroud, Hicham"]
[Result "1/2-1/2"]
[WhiteElo "1850"]
[BlackElo "1766"]
[PlyCount "53"]
[EventDate "2010.11.22"]
[EventType "swiss"]
[EventRounds "5"]
[EventCountry "CAN"]

1. d4 Nf6 2. c4 e5 3. d5 Bc5 4. Nc3 a6 5. e4 d6 6. h3 h6 7. Be2 O-O 8. Nf3 Ne8
9. Qd3 f5 10. Be3 Bb4 11. Bd2 Nd7 12. Na4 fxe4 13. Qxe4 Nc5 14. Nxc5 Bxc5 15.
Be3 Bf5 16. Qh4 Bxe3 17. fxe3 Qxh4+ 18. Nxh4 Bh7 19. Bg4 Nf6 20. Be6+ Kh8 21.
O-O Ne4 22. Rad1 Ng3 23. Rf7 Rxf7 24. Bxf7 Bg8 25. Bg6 Bh7 26. Kh2 Ne4 27. Kg1
1/2-1/2

[Event "Millenium"]
[Site "Charlesbourg CAN"]
[Date "2010.12.13"]
[Round "4"]
[White "Lessard, Claude"]
[Black "Fecteau, Martin"]
[Result "0-1"]
[WhiteElo "2083"]
[BlackElo "1998"]
[PlyCount "80"]
[EventDate "2010.11.22"]
[EventType "swiss"]
[EventRounds "5"]
[EventCountry "CAN"]

1. d4 Nf6 2. Nf3 d5 3. e3 c6 4. Bd3 Nbd7 5. O-O g6 6. Nbd2 Bg7 7. Re1 O-O 8. b4
Qc7 9. Bb2 Ne8 10. e4 dxe4 11. Nxe4 Ndf6 12. Nxf6+ Nxf6 13. c4 Bg4 14. h3 Bxf3
15. Qxf3 Rad8 16. a4 Rd7 17. b5 Nh5 18. Bf1 Bxd4 19. Bxd4 Rxd4 20. Qe3 c5 21.
Qxe7 Rd7 22. Qg5 Ng7 23. Re4 Ne6 24. Qh6 Rd4 25. Rae1 Rfd8 26. Re5 Rd1 27. Rxd1
Rxd1 28. Qe3 Qd6 29. g3 Kg7 30. Re4 Rd4 31. Re5 Rd1 32. h4 Qd2 33. Qf3 Qc1 34.
Qg2 Qxc4 35. h5 Nd4 36. Re3 b6 37. hxg6 hxg6 38. f4 Nf5 39. Rf3 Qd4+ 40. Kh1
Ne3 0-1

[Event "Millenium"]
[Site "Charlesbourg CAN"]
[Date "2010.12.13"]
[Round "4"]
[White "Perron, Jonathan"]
[Black "Beaudoin, Stephane"]
[Result "1/2-1/2"]
[WhiteElo "2167"]
[BlackElo "2035"]
[PlyCount "41"]
[EventDate "2010.11.22"]
[EventType "swiss"]
[EventRounds "5"]
[EventCountry "CAN"]

1. e4 g6 2. d4 Bg7 3. Nc3 d6 4. Nf3 Nf6 5. h3 O-O 6. Be3 a6 7. a4 b6 8. e5 Nfd7
9. e6 fxe6 10. Bd3 Nf6 11. h4 d5 12. h5 Ng4 13. hxg6 Nxe3 14. gxh7+ Kh8 15.
fxe3 Qd6 16. Nh4 Qg3+ 17. Kd2 Bxd4 18. Ng6+ Kg7 19. exd4 Qg5+ 20. Ke1 Qg3+ 21.
Kd2 1/2-1/2

[Event "Millenium"]
[Site "Charlesbourg CAN"]
[Date "2010.12.20"]
[Round "5"]
[White "Beaudoin, Stephane"]
[Black "Glode, Martin"]
[Result "1/2-1/2"]
[WhiteElo "2023"]
[BlackElo "1824"]
[PlyCount "73"]
[EventDate "2010.11.22"]
[EventType "swiss"]
[EventRounds "5"]
[EventCountry "CAN"]

1. e4 e6 2. d4 d5 3. Nc3 Nf6 4. Bg5 dxe4 5. Bxf6 Qxf6 6. Nxe4 Qd8 7. Bd3 Nd7 8.
Nf3 c5 9. O-O Be7 10. dxc5 Nxc5 11. Nxc5 Bxc5 12. Bb5+ Bd7 13. Qe2 O-O 14. Bd3
Bc6 15. Rad1 Qf6 16. Ne5 Rac8 17. c3 Qg5 18. Nxc6 Rxc6 19. Be4 Rc7 20. Rd3 Rd8
21. Rfd1 Rxd3 22. Qxd3 g6 23. Qf3 b6 24. g3 Kg7 25. Qd3 Qf6 26. Qe2 Qe5 27. Qf3
Qf6 28. Qg2 Qe7 29. b4 Bd6 30. Bc6 Be5 31. Rd3 Qf6 32. c4 Bd4 33. b5 Qe5 34.
Qf1 Qc5 35. Rd2 Rc8 36. Kg2 Rd8 37. h4 1/2-1/2

[Event "Millenium"]
[Site "Charlesbourg CAN"]
[Date "2010.12.20"]
[Round "5"]
[White "Fecteau, Martin"]
[Black "Perron, Jonathan"]
[Result "1-0"]
[WhiteElo "1996"]
[BlackElo "2167"]
[PlyCount "83"]
[EventDate "2010.11.22"]
[EventType "swiss"]
[EventRounds "5"]
[EventCountry "CAN"]

1. d4 Nf6 2. c4 e6 3. g3 c5 4. d5 exd5 5. cxd5 d6 6. Bg2 g6 7. Nc3 Bg7 8. Nf3
O-O 9. O-O a6 10. a4 Nbd7 11. Nd2 Ne5 12. f4 Neg4 13. Nc4 Nh5 14. e3 f5 15. Qb3
Qe7 16. Bd2 Bf6 17. Rf3 g5 18. h3 gxf4 19. gxf4 Nh6 20. Qb6 Nf7 21. Kh2 Kh8 22.
Rg1 Rg8 23. Bh1 Rxg1 24. Kxg1 Bd7 25. Qxb7 Rg8+ 26. Kh2 Nh6 27. Be1 Qg7 28. Rf1
Ng3 29. Rg1 Bh4 30. Ne2 Nf1+ 31. Rxf1 Bxe1 32. Bf3 Bg3+ 33. Kh1 Ng4 34. Bxg4
fxg4 35. Nxd6 Qe7 36. Nxg3 Qxd6 37. Ne4 Qg6 38. Ng5 Rg7 39. Qb8+ Be8 40. Qe5
gxh3 41. Rg1 Kg8 42. Nf3 1-0

[Event "Montcalm I 2010-11"]
[Site "Quebec CAN"]
[Date "2010.09.09"]
[Round "1"]
[White "Caire, Francois"]
[Black "Bourassa, Andre"]
[Result "1-0"]
[WhiteElo "2195"]
[BlackElo "1731"]
[PlyCount "61"]
[EventDate "2010.09.09"]
[EventType "swiss"]
[EventRounds "5"]
[EventCountry "CAN"]

1. d4 d5 2. Nf3 Nf6 3. c4 e6 4. Bg5 Be7 5. Nc3 Nbd7 6. e3 O-O 7. Rc1 c6 8. Bd3
dxc4 9. Bxc4 Nd5 10. Bxe7 Qxe7 11. O-O Nxc3 12. Rxc3 f5 13. Re1 Rf6 14. e4 Nf8
15. Ne5 Bd7 16. Qb3 Be8 17. exf5 Rxf5 18. Rce3 Kh8 19. Nd3 Bf7 20. Nc5 Qh4 21.
Qxb7 Qxf2+ 22. Kh1 Rd8 23. Ne4 Qh4 24. Qxa7 e5 25. Bxf7 Rd7 26. Qc5 Rdxf7 27.
Ng3 Qxd4 28. Qxd4 exd4 29. Nxf5 dxe3 30. Nxe3 Rf2 31. Rf1 1-0

[Event "Montcalm I 2010-11"]
[Site "Quebec CAN"]
[Date "2010.09.09"]
[Round "1"]
[White "Tremblay, Charles"]
[Black "Perron, Jonathan"]
[Result "0-1"]
[WhiteElo "1587"]
[BlackElo "2043"]
[PlyCount "56"]
[EventDate "2010.09.09"]
[EventType "swiss"]
[EventRounds "5"]
[EventCountry "CAN"]

1. c4 e5 2. Nc3 d6 3. Nf3 g6 4. g3 Bg7 5. Bg2 Ne7 6. O-O O-O 7. Rb1 f5 8. d3
Nbc6 9. a3 h6 10. Bd2 Be6 11. Qc1 Kh7 12. e4 f4 13. gxf4 Bg4 14. Nh4 Nd4 15. f3
Nb3 16. Qe1 Nxd2 17. Qxd2 Bd7 18. fxe5 dxe5 19. Bh1 Bf6 20. Ng2 Bh3 21. Rfd1
Bg5 22. Qe2 Nc6 23. Qf2 Nd4 24. f4 Bxf4 25. Nxf4 Rxf4 26. Qg3 Rg4 27. Qxg4 Bxg4
28. Rf1 Qg5 0-1

[Event "Montcalm I 2010-11"]
[Site "Quebec CAN"]
[Date "2010.09.16"]
[Round "2"]
[White "Auger, Bertrand"]
[Black "Caire, Francois"]
[Result "0-1"]
[WhiteElo "1978"]
[BlackElo "2195"]
[PlyCount "40"]
[EventDate "2010.09.09"]
[EventType "swiss"]
[EventRounds "5"]
[EventCountry "CAN"]

1. Nf3 d5 2. g3 Nf6 3. Bg2 g6 4. b4 Bg7 5. Bb2 O-O 6. O-O Qd6 7. a3 Nbd7 8. d3
e5 9. c4 c6 10. cxd5 cxd5 11. e3 Re8 12. d4 e4 13. Nfd2 Nb6 14. Nc3 Bg4 15. Qb3
h5 16. Rfc1 h4 17. h3 hxg3 18. fxg3 Bxh3 19. Bxh3 Qxg3+ 20. Bg2 Qxe3+ 0-1

[Event "Montcalm I 2010-11"]
[Site "Quebec CAN"]
[Date "2010.09.16"]
[Round "2"]
[White "Bluteau, Yvon"]
[Black "Caron, Sebastien"]
[Result "1/2-1/2"]
[WhiteElo "1814"]
[BlackElo "1987"]
[PlyCount "117"]
[EventDate "2010.09.09"]
[EventType "swiss"]
[EventRounds "5"]
[EventCountry "CAN"]

1. d4 f5 2. Nf3 Nf6 3. g3 g6 4. Bg2 Bg7 5. O-O O-O 6. c4 d6 7. Nc3 Qe8 8. Qb3
Kh8 9. Ng5 c6 10. d5 Na6 11. dxc6 bxc6 12. Qa4 Bb7 13. Ne6 Rg8 14. Rb1 Qd7 15.
Nxg7 Kxg7 16. b4 Rgc8 17. Bb2 Kf8 18. Rfd1 Qc7 19. a3 Nb8 20. e4 fxe4 21. Nxe4
Nxe4 22. Bxe4 Nd7 23. Qb3 Nf6 24. Qf3 Kf7 25. g4 Qd7 26. h3 d5 27. Bd3 h6 28.
Re1 Rf8 29. Rbd1 Kg7 30. Qe3 Rf7 31. Bc1 Ng8 32. Bb2+ Nf6 33. Bc2 Kh7 34. Qd3
Rg8 35. Qe3 Rgf8 36. Qg3 Rg8 37. Re5 Kg7 38. Bb3 Kf8 39. Qe3 h5 40. Rg5 hxg4
41. Bxf6 Rxf6 42. Rxg4 Rh8 43. Qg3 Bc8 44. Rdd4 Qe8 45. Rh4 Rxh4 46. Qxh4 Kg7
47. cxd5 cxd5 48. Bxd5 Qd7 49. Bg2 Rd6 50. Re4 Rd1+ 51. Bf1 e6 52. Qf4 Qd5 53.
Qc7+ Bd7 54. Qc3+ Kg8 55. Rg4 Qf5 56. Kg2 Qd5+ 57. Kg1 Qf5 58. Kg2 Qd5+ 59. Kg1
1/2-1/2

[Event "Montcalm I 2010-11"]
[Site "Quebec CAN"]
[Date "2010.09.16"]
[Round "2"]
[White "Lapierre, Gaetan"]
[Black "Bonneau, Daniel"]
[Result "0-1"]
[WhiteElo "1949"]
[BlackElo "2055"]
[PlyCount "46"]
[EventDate "2010.09.09"]
[EventType "swiss"]
[EventRounds "5"]
[EventCountry "CAN"]

1. d4 Nf6 2. c4 g6 3. Nc3 Bg7 4. e4 d6 5. f3 O-O 6. Be3 c5 7. dxc5 dxc5 8. Qxd8
Rxd8 9. Bxc5 Nc6 10. Rd1 Rxd1+ 11. Kxd1 Nd7 12. Ba3 Bxc3 13. bxc3 Nde5 14. f4
Ng4 15. Ke2 Be6 16. Kf3 Rd8 17. Be2 Rd2 18. h3 Nf6 19. g4 Rxa2 20. Bc5 Rc2 21.
Be3 Rxc3 22. g5 Nd4+ 23. Kf2 Nxe4+ 0-1

[Event "Montcalm I 2010-11"]
[Site "Quebec CAN"]
[Date "2010.09.16"]
[Round "2"]
[White "Perron, Jonathan"]
[Black "Dube, Daniel"]
[Result "1-0"]
[WhiteElo "2043"]
[BlackElo "1807"]
[PlyCount "73"]
[EventDate "2010.09.09"]
[EventType "swiss"]
[EventRounds "5"]
[EventCountry "CAN"]

1. e4 g6 2. d4 Bg7 3. Nc3 c6 4. Nf3 d6 5. Be3 Nf6 6. h3 O-O 7. a4 Qa5 8. Bd3 e5
9. O-O Nbd7 10. Qd2 Qd8 11. b4 Re8 12. Ne2 d5 13. dxe5 Nxe5 14. Nxe5 Rxe5 15.
exd5 Nxd5 16. Bd4 Rxe2 17. Bxe2 Bxd4 18. Qxd4 Qg5 19. f4 Qh4 20. Rf3 Bf5 21.
Bd3 Bxd3 22. cxd3 Re8 23. b5 Re1+ 24. Rxe1 Qxe1+ 25. Rf1 Qg3 26. Rf3 Qe1+ 27.
Kh2 h5 28. bxc6 bxc6 29. f5 g5 30. f6 Nf4 31. Qd8+ Kh7 32. Qf8 Kg6 33. Qg7+ Kf5
34. Rg3 Ne2 35. Qxg5+ Ke6 36. Re3+ Kd7 37. Re7+ 1-0

[Event "Montcalm I 2010-11"]
[Site "Quebec CAN"]
[Date "2010.09.23"]
[Round "3"]
[White "Bluteau, Yvon"]
[Black "Sauve, Richard"]
[Result "1-0"]
[WhiteElo "1814"]
[BlackElo "1932"]
[PlyCount "127"]
[EventDate "2010.09.09"]
[EventType "swiss"]
[EventRounds "5"]
[EventCountry "CAN"]

1. d4 f5 2. Nf3 Nf6 3. c4 g6 4. g3 Bg7 5. Bg2 O-O 6. O-O d6 7. Nc3 Nc6 8. Rb1
e5 9. dxe5 dxe5 10. Nb5 Qe7 11. b3 Rd8 12. Qe1 a5 13. Ba3 Nb4 14. Rd1 c6 15.
Rxd8+ Qxd8 16. Nxe5 cxb5 17. Bxb4 axb4 18. Qxb4 Rxa2 19. cxb5 Be6 20. Bxb7 Qc7
21. Rd1 Bf8 22. Qd4 Qxb7 23. Nxg6 hxg6 24. Qxf6 Qf7 25. Qe5 Bg7 26. Qb8+ Kh7
27. b6 Bd5 28. Qd8 Ra1 29. Qh4+ Kg8 30. Qd8+ Kh7 31. Qh4+ Kg8 32. Qd8+ Qf8 33.
Qxd5+ Kh7 34. Rxa1 Bxa1 35. b7 Qb8 36. Kg2 Be5 37. Kh3 Qe8 38. Qc4 Bb8 39. e3
Qd7 40. Qc8 Qd6 41. b4 Kg7 42. b5 Kh7 43. Qe8 Kg7 44. Qc8 Kh7 45. Qc4 Kg7 46.
Kg2 Kf6 47. h4 Qd7 48. Qc6+ Qd6 49. Kf3 Ke6 50. g4 fxg4+ 51. Kxg4 Kf6 52. f4
Bc7 53. e4 Kf7 54. Qxd6 Bxd6 55. e5 Bc7 56. b6 Bb8 57. Kg5 Kg7 58. e6 Bd6 59.
b8=Q Bxb8 60. f5 gxf5 61. Kxf5 Bd6 62. b7 Bc7 63. h5 Bd6 64. h6+ 1-0

[Event "Montcalm I 2010-11"]
[Site "Quebec CAN"]
[Date "2010.09.23"]
[Round "3"]
[White "Bonneau, Daniel"]
[Black "Gaulin, Gaetan"]
[Result "1-0"]
[WhiteElo "2055"]
[BlackElo "1986"]
[PlyCount "43"]
[EventDate "2010.09.09"]
[EventType "swiss"]
[EventRounds "5"]
[EventCountry "CAN"]

1. d4 Nf6 2. Nf3 d5 3. c4 c6 4. Nc3 e6 5. e3 Nbd7 6. Qc2 Bd6 7. g4 Nxg4 8. Rg1
Nxh2 9. Nxh2 Bxh2 10. Rxg7 Bd6 11. Rxh7 Rxh7 12. Qxh7 Nf8 13. Qh5 Qe7 14. Bd2
b6 15. O-O-O Qc7 16. Be2 Bb7 17. Rg1 O-O-O 18. cxd5 cxd5 19. Kb1 Kb8 20. Nb5
Qe7 21. Nxd6 Rxd6 22. Bb4 1-0

[Event "Montcalm I 2010-11"]
[Site "Quebec CAN"]
[Date "2010.09.23"]
[Round "3"]
[White "Bourassa, Andre"]
[Black "Auger, Bertrand"]
[Result "1/2-1/2"]
[WhiteElo "1731"]
[BlackElo "2010"]
[PlyCount "51"]
[EventDate "2010.09.09"]
[EventType "swiss"]
[EventRounds "5"]
[EventCountry "CAN"]

1. d4 Nf6 2. c4 e6 3. Nc3 Bb4 4. Bg5 h6 5. Bxf6 Qxf6 6. Nf3 c5 7. e3 O-O 8. Bd3
Nc6 9. O-O Bxc3 10. bxc3 d6 11. Qc2 Bd7 12. Rad1 Rad8 13. Nd2 Qe7 14. f4 f5 15.
Nf3 Qf6 16. Qf2 Be8 17. Rd2 Bh5 18. Be2 Bxf3 19. Bxf3 Na5 20. Qe2 Kh8 21. Rfd1
Qe7 22. g3 Qc7 23. d5 exd5 24. Bxd5 Rde8 25. Qd3 Qe7 26. Re2 1/2-1/2

[Event "Montcalm I 2010-11"]
[Site "Quebec CAN"]
[Date "2010.09.23"]
[Round "3"]
[White "Caire, Francois"]
[Black "Perron, Jonathan"]
[Result "1/2-1/2"]
[WhiteElo "2195"]
[BlackElo "1987"]
[PlyCount "75"]
[EventDate "2010.09.09"]
[EventType "swiss"]
[EventRounds "5"]
[EventCountry "CAN"]

1. Nf3 Nf6 2. b3 e6 3. Bb2 Be7 4. c4 b6 5. g3 Bb7 6. Bg2 O-O 7. O-O c5 8. e3 d6
9. Qe2 Nbd7 10. d3 Qc7 11. Nc3 Rad8 12. Rad1 d5 13. cxd5 Nxd5 14. Nxd5 Bxd5 15.
Rc1 Qb7 16. Rfd1 Bf6 17. Bxf6 Nxf6 18. e4 Bc6 19. Ne5 Bb5 20. a4 Ba6 21. f4 Rd4
22. Nc4 Bxc4 23. dxc4 Qd7 24. e5 Rd8 25. Bf3 Ne8 26. Kg2 Nc7 27. Kf2 Na6 28.
Ke1 Nb4 29. Rb1 Qe7 30. Rxd4 cxd4 31. Rd1 Na6 32. Qb2 Qc5 33. Ke2 Nb4 34. Be4
g6 35. Rd2 d3+ 36. Bxd3 Qg1 37. Be4 Qxh2+ 38. Kd1 1/2-1/2

[Event "Montcalm I 2010-11"]
[Site "Quebec CAN"]
[Date "2010.09.23"]
[Round "3"]
[White "Caron, Sebastien"]
[Black "Lamontagne, Danny"]
[Result "1-0"]
[WhiteElo "1987"]
[BlackElo "1717"]
[PlyCount "91"]
[EventDate "2010.09.09"]
[EventType "swiss"]
[EventRounds "5"]
[EventCountry "CAN"]

1. e4 c5 2. Nf3 g6 3. d4 cxd4 4. Nxd4 Nc6 5. Nc3 Bg7 6. Be3 Nf6 7. Be2 O-O 8.
Qd2 d5 9. exd5 Nxd5 10. Nxd5 Qxd5 11. Bf3 Qc4 12. c3 Nxd4 13. Bxd4 Bxd4 14.
Qxd4 Qxd4 15. cxd4 Bf5 16. O-O Rfd8 17. Rfd1 Rac8 18. g4 Bd7 19. Rac1 Rxc1 20.
Rxc1 Be6 21. d5 Bxd5 22. Bxd5 Rxd5 23. Rc7 Rb5 24. b3 e6 25. Kg2 Kg7 26. h4 h6
27. Kg3 a5 28. f3 Rb4 29. Rd7 b5 30. Rb7 a4 31. bxa4 Rxa4 32. Rxb5 Rxa2 33. Kf4
Rh2 34. Kg3 Rd2 35. Kf4 Rh2 36. Kg3 Rh1 37. Ra5 f5 38. g5 hxg5 39. hxg5 Rg1+
40. Kf4 Rg2 41. Ra7+ Kf8 42. Ke5 Rg3 43. Kf6 Kg8 44. Kxg6 Kf8 45. Kf6 Kg8 46.
g6 1-0

[Event "Montcalm I 2010-11"]
[Site "Quebec CAN"]
[Date "2010.09.23"]
[Round "3"]
[White "Cummins, Paul"]
[Black "Bergeron, Marc"]
[Result "1/2-1/2"]
[WhiteElo "1780"]
[BlackElo "2083"]
[PlyCount "53"]
[EventDate "2010.09.09"]
[EventType "swiss"]
[EventRounds "5"]
[EventCountry "CAN"]

1. d4 d5 2. Nf3 Nc6 3. e3 Bg4 4. Be2 Bxf3 5. Bxf3 Nf6 6. O-O e5 7. c4 e4 8. Be2
Ne7 9. Qb3 Qc8 10. Nc3 c6 11. f3 a6 12. cxd5 cxd5 13. fxe4 dxe4 14. Bc4 Nc6 15.
Bxf7+ Kd8 16. Nxe4 Nxe4 17. Qd5+ Nd6 18. e4 Qg4 19. Bg5+ Kc7 20. Bf4 Be7 21.
Bxd6+ Bxd6 22. Be6 Qh4 23. Rf7+ Be7 24. Rc1 Rad8 25. Qa5+ Kb8 26. Rxc6 bxc6 27.
Qb6+ 1/2-1/2

[Event "Montcalm I 2010-11"]
[Site "Quebec CAN"]
[Date "2010.09.30"]
[Round "4"]
[White "Caire, Francois"]
[Black "Bonneau, Daniel"]
[Result "1-0"]
[WhiteElo "2195"]
[BlackElo "2055"]
[PlyCount "61"]
[EventDate "2010.09.09"]
[EventType "swiss"]
[EventRounds "5"]
[EventCountry "CAN"]

1. d4 Nf6 2. c4 g6 3. g3 Bg7 4. Bg2 O-O 5. Nc3 d6 6. Nf3 Nc6 7. O-O a6 8. Re1
Rb8 9. Rb1 e5 10. d5 Ne7 11. b4 b6 12. a4 h6 13. e4 Nd7 14. Ba3 f5 15. Nd2 Nf6
16. c5 f4 17. cxd6 cxd6 18. b5 a5 19. gxf4 Ng4 20. Nc4 exf4 21. Rc1 f3 22. Bxd6
fxg2 23. f3 Nf6 24. Bxb8 Bh3 25. Bg3 Nh5 26. Ne3 Nxg3 27. hxg3 Qc7 28. d6 Qc5
29. dxe7 Re8 30. Qd5+ Qxd5 31. Ncxd5 1-0

[Event "Montcalm I 2010-11"]
[Site "Quebec CAN"]
[Date "2010.09.30"]
[Round "4"]
[White "Perron, Jonathan"]
[Black "Caron, Sebastien"]
[Result "1-0"]
[WhiteElo "2043"]
[BlackElo "1987"]
[PlyCount "53"]
[EventDate "2010.09.09"]
[EventType "swiss"]
[EventRounds "5"]
[EventCountry "CAN"]

1. e4 c5 2. Nf3 d6 3. Bb5+ Bd7 4. Bxd7+ Qxd7 5. c4 e5 6. Nc3 Nc6 7. O-O g6 8.
a3 Nge7 9. b4 cxb4 10. axb4 Nxb4 11. Ba3 Nbc6 12. d4 Bg7 13. Nb5 Nc8 14. dxe5
O-O 15. exd6 Bxa1 16. Qxa1 f6 17. Nc7 Rb8 18. Nd5 Nxd6 19. Qxf6 Rbd8 20. Qh4
Nxc4 21. Bxf8 Kxf8 22. Ng5 h5 23. Qf4+ Kg7 24. Qf6+ Kh6 25. Nf7+ Kh7 26. Nf4
Rg8 27. Ne6 1-0

[Event "Montcalm I 2010-11"]
[Site "Quebec CAN"]
[Date "2010.09.30"]
[Round "4"]
[White "Sauve, Richard"]
[Black "Bourassa, Andre"]
[Result "1/2-1/2"]
[WhiteElo "1932"]
[BlackElo "1731"]
[PlyCount "75"]
[EventDate "2010.09.09"]
[EventType "swiss"]
[EventRounds "5"]
[EventCountry "CAN"]

1. d4 d5 2. c4 e6 3. Nc3 Nf6 4. cxd5 exd5 5. Bg5 c6 6. e3 Be7 7. Bd3 Bg4 8. f3
Bh5 9. Nge2 Ne4 10. Bxe7 Nxc3 11. Bxd8 Nxd1 12. Rxd1 Kxd8 13. Kf2 Bg6 14. Nf4
Bxd3 15. Nxd3 Nd7 16. Rc1 Ke7 17. Rc3 Kd6 18. Rb3 Rab8 19. Rc1 Rhc8 20. Ra3 Ra8
21. b4 Rc7 22. Nc5 Nxc5 23. bxc5+ Kd7 24. Rb3 Re8 25. Ra3 a6 26. Rb3 Re7 27.
Re1 f5 28. Rg1 Ke6 29. g4 fxg4 30. Rxg4 g6 31. Rf4 Rf7 32. Rxf7 Rxf7 33. Rb1
Kf5 34. Rg1 g5 35. h3 Re7 36. Rg4 h6 37. Rg1 Rd7 38. Rg4 1/2-1/2

[Event "Montcalm I 2010-11"]
[Site "Quebec CAN"]
[Date "2010.10.07"]
[Round "5"]
[White "Bluteau, Yvon"]
[Black "Caire, Francois"]
[Result "0-1"]
[WhiteElo "1814"]
[BlackElo "2195"]
[PlyCount "86"]
[EventDate "2010.09.09"]
[EventType "swiss"]
[EventRounds "5"]
[EventCountry "CAN"]

1. d4 Nf6 2. Nf3 e6 3. g3 d5 4. Bg2 b5 5. O-O Bb7 6. Nbd2 c5 7. a4 b4 8. dxc5
Nbd7 9. c6 Bxc6 10. c4 bxc3 11. bxc3 Rc8 12. Nb3 Be7 13. Be3 O-O 14. Bxa7 Ra8
15. Nbd4 Bb7 16. Nb5 Nc5 17. Ne5 Nfe4 18. Qc2 Bf6 19. Ng4 Be7 20. Rfd1 f5 21.
Ne5 Nxf2 22. Kxf2 Rxa7 23. Nxa7 Qb6 24. e3 Ne4+ 25. Bxe4 fxe4+ 26. Kg2 Qxa7 27.
Rf1 Rxf1 28. Rxf1 Qxe3 29. Qf2 Qxf2+ 30. Rxf2 Bd6 31. Ng4 d4 32. Rb2 dxc3 33.
Rc2 Bb4 34. Ne3 Bc6 35. Ra2 Bd5 36. Nxd5 exd5 37. a5 d4 38. a6 Bc5 39. a7 Bxa7
40. Rxa7 c2 41. Rc7 d3 42. Kf2 d2 43. Rxc2 d1=Q 0-1

[Event "Montcalm I 2010-11"]
[Site "Quebec CAN"]
[Date "2010.10.07"]
[Round "5"]
[White "Bonneau, Daniel"]
[Black "Perron, Jonathan"]
[Result "1/2-1/2"]
[WhiteElo "2055"]
[BlackElo "2043"]
[PlyCount "144"]
[EventDate "2010.09.09"]
[EventType "swiss"]
[EventRounds "5"]
[EventCountry "CAN"]

1. e4 c5 2. Nf3 d6 3. d4 cxd4 4. Nxd4 Nf6 5. Nc3 a6 6. Bc4 e6 7. Bb3 b5 8. O-O
Be7 9. Qf3 Qb6 10. Be3 Qb7 11. Qg3 b4 12. Na4 O-O 13. f3 Nbd7 14. Rfd1 Rb8 15.
c3 bxc3 16. Nxc3 Nc5 17. Rd2 Nxb3 18. Nxb3 e5 19. Rad1 Be6 20. Nc1 Rfc8 21.
N1e2 Bc4 22. Qf2 Qb4 23. g4 g6 24. b3 Be6 25. g5 Nh5 26. Nd5 Bxd5 27. Rxd5 Rc2
28. R5d2 Rbc8 29. Ng3 Qc3 30. Nxh5 gxh5 31. Rxc2 Qxc2 32. Rc1 Qxf2+ 33. Kxf2
Rxc1 34. Bxc1 Bd8 35. Ke2 Kf8 36. Kd3 Ke7 37. Kc4 Kd7 38. Kd5 Kc7 39. Be3 Be7
40. b4 Kb7 41. a4 Kc7 42. f4 exf4 43. Bxf4 Kd7 44. b5 axb5 45. axb5 Kc7 46. Be3
Kb7 47. Kc4 Bd8 48. Kd5 Be7 49. e5 dxe5 50. Kxe5 Kc7 51. Kf5 Kd6 52. Bd4 Kd5
53. Bf6 Bd6 54. h3 Bb4 55. Bd8 Bc3 56. Bc7 Kc5 57. b6 Kc6 58. Be5 Bd2 59. Bd4
h6 60. gxh6 Bxh6 61. Kf6 Bd2 62. Kxf7 h4 63. Bf2 Ba5 64. Kg6 Bxb6 65. Bxh4 Kd7
66. Kf7 Be3 67. Be7 Bf2 68. Bb4 Bg3 69. Kf6 Ke8 70. Kg5 Kf7 71. Kg4 Bf2 72. Bd6
Kg6 1/2-1/2

[Event "Montcalm I 2010-11"]
[Site "Quebec CAN"]
[Date "2010.10.07"]
[Round "5"]
[White "Bourassa, Andre"]
[Black "Tremblay, Charles"]
[Result "1-0"]
[WhiteElo "1731"]
[BlackElo "1587"]
[PlyCount "41"]
[EventDate "2010.09.09"]
[EventType "swiss"]
[EventRounds "5"]
[EventCountry "CAN"]

1. d4 Nf6 2. c4 e6 3. Nc3 d5 4. Bg5 Be7 5. e3 Nbd7 6. Nf3 b6 7. Rc1 Bb7 8. Bd3
O-O 9. O-O dxc4 10. Bxc4 Qb8 11. Ne5 Bd6 12. f4 a6 13. Qb3 b5 14. Bxe6 Bxe5 15.
fxe5 c5 16. exf6 c4 17. Bxc4 bxc4 18. Qxc4 g6 19. b3 Qd8 20. Qb4 Re8 21. Qxb7
1-0

[Event "Montcalm II 2010-11"]
[Site "Quebec CAN"]
[Date "2010.10.14"]
[Round "1"]
[White "Bonneau, Daniel"]
[Black "Drolet, Stephane"]
[Result "0-1"]
[WhiteElo "2071"]
[BlackElo "2143"]
[PlyCount "91"]
[EventDate "2010.10.14"]
[EventType "swiss"]
[EventRounds "5"]
[EventCountry "CAN"]

1. e4 c6 2. d4 g6 3. Nf3 d5 4. Nc3 Bg4 5. Be2 Bg7 6. e5 e6 7. O-O Bxf3 8. Bxf3
Nd7 9. Be3 Ne7 10. Bg5 h6 11. Bxe7 Qxe7 12. Ne2 O-O 13. Qd3 c5 14. c3 Rab8 15.
Nf4 b5 16. g3 h5 17. h4 b4 18. Rfe1 Nb6 19. Kg2 Rfc8 20. Rac1 Rc6 21. cxb4 c4
22. Qd2 Na4 23. a3 Bh6 24. Nxg6 fxg6 25. Qxh6 Qf7 26. Qd2 a5 27. Bd1 Nb6 28.
bxa5 Nc8 29. Qc3 Ne7 30. Ba4 Ra6 31. Re3 Nf5 32. Rf3 Qa7 33. Rf4 Rxa5 34. Bc2
Rab5 35. g4 Rb3 36. Bxb3 Rxb3 37. gxf5 Rxc3 38. Rxc3 gxf5 39. Rg3+ Kf7 40. Rg5
Qb6 41. Rxh5 Qxb2 42. Rh7+ Kf8 43. Rc7 Qd2 44. Rf3 Qxd4 45. Rg3 Qe4+ 46. Kh3
0-1